[Event "NAYCC U14"]
[Site "Montreal CAN"]
[Date "2010.08.16"]
[Round "2"]
[White "Johnson, Nicholas"]
[Black "Itkin, David"]
[Result "0-1"]
[WhiteElo "1666"]
[BlackElo "2105"]
[PlyCount "130"]
[EventDate "2010.08.16"]
[EventType "swiss"]
[EventRounds "7"]
[EventCountry "CAN"]

1. c4 g6 2. Nc3 Bg7 3. g3 Nf6 4. Bg2 d6 5. b3 O-O 6. Bb2 Nc6 7. e3 e5 8. Nge2
Bf5 9. O-O Qd7 10. f4 Bh3 11. fxe5 Nxe5 12. d4 Bxg2 13. Kxg2 Neg4 14. Qd3 Rfe8
15. Rf3 Qe7 16. Nd1 Qe4 17. Qxe4 Nxe4 18. Rf4 f5 19. h3 Ngf6 20. Nf2 Bh6 21.
Nxe4 Nxe4 22. Rf3 Nd2 23. Bc1 Nxf3 24. Kxf3 c6 25. Nf4 Kf7 26. d5 Bxf4 27. gxf4
cxd5 28. cxd5 Rac8 29. Ba3 Rc3 30. Re1 Ke7 31. Re2 Rec8 32. Bb4 Rc2 33. Rxc2
Rxc2 34. a3 Rb2 35. h4 Rxb3 36. Ke2 b6 37. Be1 Rxa3 38. Kd2 a5 39. Kc1 Ra1+ 40.
Kd2 Rxe1 41. Kxe1 Kf6 42. Ke2 h6 43. Kd3 g5 44. hxg5+ hxg5 45. fxg5+ Kxg5 46.
e4 fxe4+ 47. Kxe4 Kg4 48. Ke3 Kf5 49. Kd4 Kf4 50. Kd3 Ke5 51. Kc4 Ke4 52. Kc3
Kxd5 53. Kd3 b5 54. Kc3 Kc5 55. Kb3 a4+ 56. Kc3 b4+ 57. Kb2 Kc4 58. Kc2 a3 59.
Kb1 b3 60. Ka1 Kc3 61. Kb1 b2 62. Ka2 Kc2 63. Kxa3 b1=Q 64. Ka4 Qb6 65. Ka3
Qb3# 0-1

[Event "NAYCC U14"]
[Site "Montreal CAN"]
[Date "2010.08.16"]
[Round "2"]
[White "Knox, Christopher"]
[Black "Xiang, Qun Tian"]
[Result "1-0"]
[WhiteElo "1912"]
[BlackElo "1112"]
[PlyCount "85"]
[EventDate "2010.08.16"]
[EventType "swiss"]
[EventRounds "7"]
[EventCountry "CAN"]

1. d4 d5 2. c4 e6 3. Nc3 Nf6 4. cxd5 Nxd5 5. e4 Nb6 6. Nf3 a6 7. Be3 Bb4 8. Bd3
N8d7 9. a3 Bxc3+ 10. bxc3 O-O 11. Qc2 h6 12. c4 Rb8 13. c5 Na8 14. O-O Re8 15.
Rfd1 b6 16. c6 Nf6 17. a4 Ng4 18. e5 Nxe3 19. fxe3 b5 20. a5 Kh8 21. Rab1 Rg8
22. Qc5 Qd5 23. Rdc1 Qxc5 24. dxc5 Rd8 25. Rb3 f6 26. Kf2 Kg8 27. Ke2 Kf7 28.
Rb4 Ke7 29. g4 Rh8 30. Rf1 Rd8 31. Nh4 Rd5 32. Rc1 Kf7 33. Nf3 Rd8 34. Rf1 Ke7
35. Be4 Re8 36. Nh4 Rg8 37. h3 Re8 38. Bg6 Rg8 39. Bh7 Re8 40. Rbf4 g5 41. Ng6+
Kd8 42. Rd4+ Bd7 43. Rxd7+ 1-0

[Event "NAYCC U14"]
[Site "Montreal CAN"]
[Date "2010.08.16"]
[Round "2"]
[White "Lepine, Cedric"]
[Black "Molev, Daniel"]
[Result "1-0"]
[WhiteElo "1663"]
[BlackElo "1218"]
[PlyCount "33"]
[EventDate "2010.08.16"]
[EventType "swiss"]
[EventRounds "7"]
[EventCountry "CAN"]

1. d4 d5 2. c4 e5 3. dxe5 d4 4. Nf3 Nc6 5. g3 Be6 6. Nbd2 Qd7 7. Bg2 Bh3 8. O-O
Bxg2 9. Kxg2 g6 10. Nb3 Rd8 11. Bg5 Be7 12. Bxe7 Ngxe7 13. Nc5 Qc8 14. Qd2 b6
15. Ne4 Qe6 16. Nf6+ Kf8 17. Qh6# 1-0

[Event "NAYCC U14"]
[Site "Montreal CAN"]
[Date "2010.08.16"]
[Round "2"]
[White "Liu, Mu Dong"]
[Black "Jiang, Nathan"]
[Result "0-1"]
[WhiteElo "2089"]
[BlackElo "1375"]
[PlyCount "57"]
[EventDate "2010.08.16"]
[EventType "swiss"]
[EventRounds "7"]
[EventCountry "CAN"]

1. e4 c5 2. Nf3 d6 3. d4 cxd4 4. Nxd4 Nf6 5. Nc3 a6 6. Be3 e5 7. Nb3 Be6 8. f3
Be7 9. Bg5 Nc6 10. Be2 Qc7 11. O-O O-O 12. Bxf6 Bxf6 13. Nd5 Bxd5 14. exd5 Ne7
15. Rb1 Rac8 16. c4 b5 17. Nd2 bxc4 18. Bxc4 Qc5+ 19. Kh1 Nxd5 20. Bxa6 Ne3 21.
Qe2 Nxf1 22. Bxc8 Nxd2 23. Qxd2 Rxc8 24. Qc3 Qxc3 25. bxc3 Kf8 26. Rc1 d5 27.
Kg1 e4 28. fxe4 Bxc3 29. exd5 0-1

[Event "NAYCC U14"]
[Site "Montreal CAN"]
[Date "2010.08.16"]
[Round "2"]
[White "Markelov, Lev"]
[Black "Mikerlange, Roseme"]
[Result "0-1"]
[WhiteElo "1168"]
[BlackElo "650"]
[PlyCount "46"]
[EventDate "2010.08.16"]
[EventType "swiss"]
[EventRounds "7"]
[EventCountry "CAN"]

1. e4 e5 2. Nf3 Nc6 3. Nc3 Bb4 4. Nd5 Nf6 5. c3 Bc5 6. b4 Bb6 7. Ba3 Nxe4 8.
Qe2 Nxf2 9. Nxe5 O-O 10. Nxc6 dxc6 11. Ne3 Nxh1 12. g3 Bxe3 13. dxe3 Qg5 14.
Bg2 Bg4 15. Bf3 Bxf3 16. Qxf3 Rae8 17. Bc1 Re6 18. Qxh1 Rfe8 19. Qf3 Rxe3+ 20.
Bxe3 Rxe3+ 21. Qxe3 Qxe3+ 22. Kf1 Qxc3 23. Re1 g6 0-1

[Event "NAYCC U14"]
[Site "Montreal CAN"]
[Date "2010.08.16"]
[Round "2"]
[White "Posaratnanathan, Juliaan"]
[Black "Shen, Arthur"]
[Result "0-1"]
[WhiteElo "1414"]
[BlackElo "2220"]
[PlyCount "30"]
[EventDate "2010.08.16"]
[EventType "swiss"]
[EventRounds "7"]
[EventCountry "CAN"]

1. e4 c5 2. Nf3 d6 3. d4 cxd4 4. Nxd4 Nf6 5. Nc3 a6 6. Qf3 Qb6 7. Nb3 e6 8. g4
Nc6 9. g5 Nd7 10. Be3 Qc7 11. Bg2 b5 12. Qh3 Nde5 13. Nd4 Nc4 14. Nxc6 Qxc6 15.
O-O Qc7 0-1

[Event "NAYCC U14"]
[Site "Montreal CAN"]
[Date "2010.08.16"]
[Round "2"]
[White "Qin, Zi Yi (Joey)"]
[Black "Ding, Andrew"]
[Result "1/2-1/2"]
[WhiteElo "2329"]
[BlackElo "2049"]
[PlyCount "118"]
[EventDate "2010.08.16"]
[EventType "swiss"]
[EventRounds "7"]
[EventCountry "CAN"]

1. e4 c5 2. Nf3 e6 3. d4 cxd4 4. Nxd4 a6 5. Be2 Qc7 6. O-O b5 7. Bf3 Bb7 8. Nc3
d6 9. Bg5 Nd7 10. Bh5 g6 11. Bf3 Ngf6 12. a3 e5 13. Nb3 Bg7 14. Qe2 O-O 15. Nd2
Nc5 16. Be3 Ne6 17. Nb3 Rad8 18. Rfd1 Nd7 19. a4 b4 20. Nd5 Bxd5 21. exd5 Nf4
22. Qd2 Rb8 23. g3 Nh5 24. Bxh5 gxh5 25. Rac1 e4 26. Bd4 Ne5 27. Bxe5 Bxe5 28.
Nd4 Qc5 29. Nc6 Rbe8 30. Qxb4 Qxb4 31. Nxb4 Bxb2 32. Rb1 Be5 33. Nc6 h4 34.
Nxe5 Rxe5 35. Rb6 Rc8 36. Rd2 h3 37. Kf1 Rf5 38. Ke2 Rf6 39. a5 Rc3 40. Rb3 Rc5
41. Re3 Rc4 42. g4 Ra4 43. Rxh3 Rxa5 44. c4 Rf4 45. Rh6 f6 46. Ke3 Rxg4 47.
Rxf6 Ra3+ 48. Ke2 Rg2 49. Re6 Rf3 50. Ke1 Rxh2 51. Rxe4 Rb3 52. Re6 Rb6 53. c5
Rb1+ 54. Ke2 dxc5 55. d6 Rb8 56. d7 Kf7 57. Rxa6 Rd8 58. Rc6 Ke7 59. Rxc5 Rxd7
1/2-1/2

[Event "NAYCC U14"]
[Site "Montreal CAN"]
[Date "2010.08.16"]
[Round "2"]
[White "Robichaud, Nicolas"]
[Black "Farrant-Diaz, Nathan"]
[Result "0-1"]
[WhiteElo "1332"]
[BlackElo "1719"]
[PlyCount "120"]
[EventDate "2010.08.16"]
[EventType "swiss"]
[EventRounds "7"]
[EventCountry "CAN"]

1. e4 b6 2. d4 Bb7 3. Nc3 e6 4. Nf3 Bb4 5. Bd3 Nf6 6. e5 Ne4 7. Bxe4 Bxe4 8.
O-O Bb7 9. a3 Be7 10. Re1 O-O 11. d5 Qc8 12. d6 cxd6 13. exd6 Bf6 14. Ne4 Bxe4
15. Rxe4 Nc6 16. Qd3 h6 17. Rg4 Kh8 18. h4 Ne5 19. Nxe5 Bxe5 20. Re4 Qc5 21.
Rc4 Qxd6 22. Qxd6 Bxd6 23. Rd4 Be5 24. Rxd7 Rfd8 25. Rxd8+ Rxd8 26. g3 Rd1+ 27.
Kg2 g5 28. hxg5 hxg5 29. Kf3 Re1 30. c3 f5 31. g4 fxg4+ 32. Kxg4 Bf4 33. Bxf4
Rxa1 34. Bxg5 Rb1 35. b4 Rb3 36. Bd2 Rxa3 37. f4 Ra2 38. Be3 Re2 39. Kf3 Rc2
40. Ke4 Kg8 41. Bd4 Kf7 42. Ke3 Kg6 43. Ke4 Rc1 44. Kf3 Kf5 45. Ke3 Rf1 46. Be5
Re1+ 47. Kd4 Re4+ 48. Kd3 b5 49. Kc2 Rxe5 50. fxe5 Kxe5 51. Kd1 Kd5 52. Kc2 Kc4
53. Kd2 e5 54. Kc2 e4 55. Kd2 a6 56. Kc2 e3 57. Kc1 Kxc3 58. Kd1 Kd3 59. Ke1 e2
60. Kf2 Kd2 0-1

[Event "NAYCC U14"]
[Site "Montreal CAN"]
[Date "2010.08.16"]
[Round "2"]
[White "Semianiuk, Konstantin"]
[Black "Herry, Serwan"]
[Result "1-0"]
[WhiteElo "2168"]
[BlackElo "848"]
[PlyCount "45"]
[EventDate "2010.08.16"]
[EventType "swiss"]
[EventRounds "7"]
[EventCountry "CAN"]

1. e4 c5 2. Nf3 d6 3. Bb5+ Bd7 4. Bxd7+ Qxd7 5. c4 Nc6 6. d4 cxd4 7. Nxd4 Nf6
8. Nc3 g6 9. f3 Bg7 10. Be3 O-O 11. O-O Rfd8 12. Nde2 Rac8 13. Rc1 e6 14. Nf4
d5 15. exd5 exd5 16. cxd5 Nb4 17. Qb3 Nfxd5 18. Ncxd5 Rxc1 19. Rxc1 Nxd5 20.
Nxd5 Qxd5 21. Qxd5 Rxd5 22. Rc8+ Bf8 23. Bh6 1-0

[Event "NAYCC U14"]
[Site "Montreal CAN"]
[Date "2010.08.16"]
[Round "2"]
[White "Shi, Yang Tian Jiao (Sky"]
[Black "Guo, Forest"]
[Result "1/2-1/2"]
[WhiteElo "1327"]
[BlackElo "1601"]
[PlyCount "49"]
[EventDate "2010.08.16"]
[EventType "swiss"]
[EventRounds "7"]
[EventCountry "CAN"]

1. d4 d5 2. c4 e6 3. Nc3 Be7 4. cxd5 exd5 5. Nf3 Nf6 6. Bf4 c6 7. e3 O-O 8. Bd3
Bg4 9. h3 Bh5 10. O-O Nbd7 11. Be2 Ne8 12. Qc2 Bg6 13. Bd3 Bxd3 14. Qxd3 Bd6
15. Bxd6 Nxd6 16. Rfe1 Re8 17. Ne2 f5 18. Ng3 g6 19. Rac1 a6 20. Qb3 Kg7 21.
Qb4 Qf6 22. h4 Rab8 23. h5 Ne4 24. hxg6 hxg6 25. Nxe4 1/2-1/2

[Event "NAYCC U14"]
[Site "Montreal CAN"]
[Date "2010.08.16"]
[Round "2"]
[White "Sohal, Tanraj"]
[Black "Kalra, Agastya"]
[Result "1/2-1/2"]
[WhiteElo "2048"]
[BlackElo "1776"]
[PlyCount "74"]
[EventDate "2010.08.16"]
[EventType "swiss"]
[EventRounds "7"]
[EventCountry "CAN"]

1. d4 Nf6 2. c4 c5 3. d5 b5 4. Qc2 d6 5. e4 b4 6. Bd3 g6 7. b3 Bg7 8. Bb2 O-O
9. Ne2 Nbd7 10. O-O e6 11. Nd2 exd5 12. cxd5 Re8 13. h3 Ne5 14. Bb5 Bd7 15.
Bxd7 Nexd7 16. Ng3 Nb6 17. Rfe1 Nfd7 18. Bxg7 Kxg7 19. Ngf1 a5 20. Ne3 a4 21.
Nec4 Nxc4 22. Nxc4 axb3 23. axb3 Qf6 24. Rxa8 Rxa8 25. Qd2 Ne5 26. Nxe5 Qxe5
27. f4 Qc3 28. Qxc3+ bxc3 29. Rc1 Re8 30. e5 dxe5 31. Rxc3 exf4 32. Rxc5 Rb8
33. Rc3 Kf6 34. Kf2 Ke5 35. Rc7 f6 36. Rxh7 Rxb3 37. d6 Kxd6 1/2-1/2

[Event "NAYCC U14"]
[Site "Montreal CAN"]
[Date "2010.08.16"]
[Round "2"]
[White "Sun, Mike"]
[Black "Qian, Jack"]
[Result "0-1"]
[WhiteElo "1163"]
[BlackElo "855"]
[PlyCount "66"]
[EventDate "2010.08.16"]
[EventType "swiss"]
[EventRounds "7"]
[EventCountry "CAN"]

1. e4 e5 2. Nf3 Nc6 3. Bc4 Bc5 4. c3 Nf6 5. d4 exd4 6. cxd4 Bb4+ 7. Nc3 Nxe4 8.
O-O Bxc3 9. d5 Ne5 10. Nxe5 Bxe5 11. Re1 O-O 12. Rxe4 d6 13. Qh5 g6 14. Qh6 Bg7
15. Qe3 Bf5 16. Rd4 Re8 17. Qd2 Bxd4 18. Qxd4 Re1+ 19. Bf1 Qf8 20. Bh6 Rxf1+
21. Rxf1 Qxh6 22. Re1 Qg7 23. Qa4 Qxb2 24. Re8+ Rxe8 25. Qxe8+ Kg7 26. Qe1 Qb1
27. Qxb1 Bxb1 28. a3 Be4 29. f3 Bxd5 30. Kf2 c5 31. Ke3 b5 32. Kd3 a5 33. Kc3
b4+ 0-1

[Event "NAYCC U14"]
[Site "Montreal CAN"]
[Date "2010.08.16"]
[Round "2"]
[White "Tang, Leslie"]
[Black "Li, Brian"]
[Result "1/2-1/2"]
[WhiteElo "1475"]
[BlackElo "2072"]
[PlyCount "84"]
[EventDate "2010.08.16"]
[EventType "swiss"]
[EventRounds "7"]
[EventCountry "CAN"]

1. d4 Nf6 2. c4 g6 3. Nf3 Bg7 4. Nc3 d5 5. cxd5 Nxd5 6. e4 Nxc3 7. bxc3 c5 8.
Bc4 cxd4 9. cxd4 Nc6 10. Be3 O-O 11. O-O Bg4 12. h3 Bxf3 13. Qxf3 Nxd4 14. Bxd4
Qxd4 15. Bd5 Rab8 16. Rad1 Qe5 17. Qe3 e6 18. Bb3 b6 19. Rd7 a6 20. Rfd1 Qc5
21. Qd2 Rbc8 22. Kh1 Bf6 23. Qf4 Bg5 24. Qg4 h5 25. Qg3 Rfd8 26. h4 Rxd7 27.
Rxd7 Qc1+ 28. Rd1 Bf4 29. Qd3 Qa3 30. g3 Bh6 31. Qd7 Rc1 32. Qd8+ Kh7 33. Kg2
Rxd1 34. Qxd1 Qb4 35. Qf3 Qe7 36. Bc2 Bg7 37. e5 Qc5 38. Bd3 Qd5 39. Bxa6 Qxa2
40. Bb7 b5 41. Qxf7 b4 42. Be4 Qc4 1/2-1/2

[Event "NAYCC U14"]
[Site "Montreal CAN"]
[Date "2010.08.16"]
[Round "2"]
[White "Xu, Tian Run"]
[Black "Manailoiu, Dragos"]
[Result "1/2-1/2"]
[WhiteElo "1368"]
[BlackElo "1309"]
[PlyCount "139"]
[EventDate "2010.08.16"]
[EventType "swiss"]
[EventRounds "7"]
[EventCountry "CAN"]

1. e4 c5 2. Nf3 Nc6 3. d4 cxd4 4. Nxd4 Nf6 5. Nc3 e5 6. Nb3 Bb4 7. Bd3 d5 8.
exd5 Nxd5 9. Bd2 Bxc3 10. bxc3 Nc7 11. O-O O-O 12. f4 Re8 13. Re1 Nd5 14. fxe5
Qc7 15. Qf3 Be6 16. Qg3 Nb6 17. Bh6 g6 18. Qh4 Nd7 19. Nd4 Ncxe5 20. Nxe6 Rxe6
21. c4 Rae8 22. Bf4 Qc5+ 23. Kh1 Nb6 24. Bxe5 Rxe5 25. Rxe5 Qxe5 26. Rf1 Qc7
27. Qd4 Re5 28. h3 Rc5 29. Re1 Qc8 30. Re4 Rc7 31. c3 Qd7 32. Qe3 Kg7 33. c5
Nc8 34. Bc4 Ne7 35. Qf4 Ng8 36. Re5 Nf6 37. Qd4 Rc6 38. Qxd7 Nxd7 39. Re7 Rxc5
40. Rxf7+ Kh6 41. Rxd7 Rxc4 42. Rxb7 Rxc3 43. Rxa7 Rc2 44. Kh2 Rc3 45. a4 Ra3
46. h4 Rb3 47. g3 Rb4 48. Ra5 Kg7 49. Kg2 Rb2+ 50. Kf3 Rb4 51. Ra6 Kf7 52. a5
Ra4 53. Ra7+ Kg8 54. a6 h5 55. Ra8+ Kg7 56. a7 Kh7 57. Ke3 Ra1 58. Kd4 Kg7 59.
Kc5 Kh7 60. Kb6 Rb1+ 61. Kc7 Ra1 62. Kd6 Ra6+ 63. Ke7 Kg7 64. Kd7 Ra1 65. Kd6
Ra6+ 66. Ke5 Ra5+ 67. Ke4 Ra4+ 68. Kf3 Ra3+ 69. Kg2 Ra2+ 70. Kh3 1/2-1/2

[Event "NAYCC U14"]
[Site "Montreal CAN"]
[Date "2010.08.16"]
[Round "2"]
[White "Yu, Benoit"]
[Black "Regam, Jay"]
[Result "0-1"]
[WhiteElo "1417"]
[BlackElo "698"]
[PlyCount "68"]
[EventDate "2010.08.16"]
[EventType "swiss"]
[EventRounds "7"]
[EventCountry "CAN"]

1. e4 e6 2. d4 d5 3. Nc3 Nf6 4. Bd3 c5 5. Nf3 c4 6. Be2 dxe4 7. Ne5 Be7 8. f3
exf3 9. Nxf3 Qc7 10. O-O Bd7 11. b3 cxb3 12. axb3 Qxc3 13. Bd2 Qc7 14. c4 Nc6
15. Qc1 O-O 16. Bf4 Bd6 17. Bxd6 Qxd6 18. c5 Qc7 19. Qc3 Nd5 20. Qd2 Qf4 21. g3
Qxd2 22. Nxd2 Nxd4 23. Bf3 Nxf3+ 24. Nxf3 Rab8 25. Ne5 Bb5 26. Rfe1 a6 27. Rac1
Rbc8 28. Re2 Bxe2 29. Nd7 Rfd8 30. Nb6 Nxb6 31. cxb6 Rxc1+ 32. Kf2 Bb5 33. Ke3
Rc3+ 34. Kf2 Rd2+ 0-1

[Event "NAYCC U14"]
[Site "Montreal CAN"]
[Date "2010.08.16"]
[Round "2"]
[White "Zhang, Zhiyuan"]
[Black "Morin-Pare, Victor"]
[Result "1-0"]
[WhiteElo "1686"]
[BlackElo "1058"]
[PlyCount "53"]
[EventDate "2010.08.16"]
[EventType "swiss"]
[EventRounds "7"]
[EventCountry "CAN"]

1. e4 c5 2. c3 d5 3. exd5 Qxd5 4. d4 Nf6 5. Be3 e6 6. a3 Nc6 7. Nf3 Be7 8. h3
a6 9. dxc5 Bxc5 10. Qxd5 Nxd5 11. Bxc5 b5 12. Nbd2 Bb7 13. Ne4 Nf4 14. Nd6+ Kd7
15. Nxb7 Kc7 16. Bd6+ Kxb7 17. Bxf4 Rhe8 18. O-O-O Re7 19. Be2 h6 20. Ne5 Nxe5
21. Bxe5 f6 22. Bg3 Rc8 23. Bf3+ Ka7 24. Rd6 a5 25. Rhd1 Rec7 26. Rd8 Rc5 27.
Bd6 1-0

[Event "NAYCC U14"]
[Site "Montreal CAN"]
[Date "2010.08.17"]
[Round "3"]
[White "Ding, Andrew"]
[Black "Tang, Leslie"]
[Result "1-0"]
[WhiteElo "2049"]
[BlackElo "1475"]
[PlyCount "89"]
[EventDate "2010.08.16"]
[EventType "swiss"]
[EventRounds "7"]
[EventCountry "CAN"]

1. d4 Nf6 2. c4 e6 3. Nc3 d5 4. Bg5 Be7 5. e3 h6 6. Bh4 O-O 7. Nf3 Nbd7 8. Bd3
c5 9. O-O b6 10. Qe2 Bb7 11. Rfd1 Rc8 12. b3 a6 13. Rac1 Ne4 14. Bxe7 Nxc3 15.
Rxc3 Qxe7 16. cxd5 Bxd5 17. Bxa6 Ra8 18. Bb5 Bxf3 19. Qxf3 Rxa2 20. Bxd7 Qxd7
21. dxc5 Rd2 22. Rdc1 bxc5 23. Rxc5 Rb8 24. Rc7 Qe8 25. e4 Rb2 26. R7c3 e5 27.
Qh3 Kh7 28. Qf5+ g6 29. Qf6 R2xb3 30. Rc7 R3b7 31. h4 h5 32. R1c6 Kg8 33. Kh2
Rxc7 34. Rxc7 Qe6 35. Qxe6 fxe6 36. Rc5 Kf7 37. Rxe5 Kf6 38. Ra5 Rb4 39. f3 Rb6
40. Kg3 e5 41. Ra3 g5 42. Ra8 g4 43. Rf8+ Kg7 44. Rf5 gxf3 45. gxf3 1-0

[Event "NAYCC U14"]
[Site "Montreal CAN"]
[Date "2010.08.17"]
[Round "3"]
[White "Farrant-Diaz, Nathan"]
[Black "Dunne, Francesco"]
[Result "1-0"]
[WhiteElo "1319"]
[BlackElo "1403"]
[PlyCount "75"]
[EventDate "2010.08.16"]
[EventType "swiss"]
[EventRounds "7"]
[EventCountry "CAN"]

1. e4 c5 2. Nc3 e6 3. g3 a6 4. Bg2 Nc6 5. d3 g6 6. Be3 b5 7. Qd2 Bb7 8. Nd1 d5
9. Qc1 h6 10. Ne2 d4 11. Bd2 Bg7 12. O-O Nge7 13. f3 Qb6 14. Nf2 Rc8 15. Ng4 h5
16. Nf2 c4 17. Qe1 Bf6 18. f4 e5 19. Nh3 c3 20. Bc1 Nb4 21. fxe5 cxb2 22. Bxb2
Nxc2 23. Qf2 Bxe5 24. Qxf7+ Kd8 25. Rac1 Ne3 26. Rxc8+ Bxc8 27. Rc1 Be6 28. Qf3
Bxa2 29. Ng5 Bf6 30. Qf4 Bg7 31. Nf7+ Bxf7 32. Qxf7 Be5 33. Bh3 Ng4 34. Nf4
Bxf4 35. Qxf4 Ne3 36. Qe5 Rf8 37. Bxd4 Qb7 38. Bxe3 1-0

[Event "NAYCC U14"]
[Site "Montreal CAN"]
[Date "2010.08.17"]
[Round "3"]
[White "Guo, Forest"]
[Black "Wen, Yi Zeng"]
[Result "1-0"]
[WhiteElo "1601"]
[BlackElo "1108"]
[PlyCount "71"]
[EventDate "2010.08.16"]
[EventType "swiss"]
[EventRounds "7"]
[EventCountry "CAN"]

1. e4 e5 2. Nf3 Nc6 3. Bb5 a6 4. Ba4 Bc5 5. O-O d6 6. h3 Bd7 7. c3 Nf6 8. d3 h6
9. Re1 O-O 10. Nbd2 Re8 11. Nf1 Ne7 12. Bc2 Nc6 13. Ng3 d5 14. exd5 Nxd5 15.
Nxe5 Rxe5 16. Rxe5 Nxe5 17. d4 Qe7 18. dxc5 Qxc5 19. Be4 Bc6 20. Bxd5 Qxd5 21.
Qxd5 Bxd5 22. b3 Re8 23. Bf4 c6 24. Be3 Ng6 25. Nf5 Be4 26. Nd6 Re7 27. Nxe4
Rxe4 28. Rd1 Re7 29. Rd8+ Kh7 30. Kf1 Ne5 31. Ke2 Kg6 32. Rd6+ Re6 33. Rxe6+
fxe6 34. Bd4 Kf5 35. Ke3 g6 36. g4+ 1-0

[Event "NAYCC U14"]
[Site "Montreal CAN"]
[Date "2010.08.17"]
[Round "3"]
[White "Herry, Serwan"]
[Black "Shi, Yang Tian Jiao (Sky"]
[Result "0-1"]
[WhiteElo "848"]
[BlackElo "1327"]
[PlyCount "106"]
[EventDate "2010.08.16"]
[EventType "swiss"]
[EventRounds "7"]
[EventCountry "CAN"]

1. e4 e5 2. Nf3 Nc6 3. Bb5 a6 4. Ba4 Nf6 5. O-O Be7 6. Re1 b5 7. Bb3 Na5 8.
Nxe5 Nxb3 9. axb3 Bb7 10. d3 O-O 11. Nc3 h6 12. h3 Bc5 13. Be3 Bxe3 14. Rxe3
Re8 15. Ng4 d6 16. Rg3 Nxg4 17. Qxg4 Qf6 18. Rf3 Qe6 19. Qxe6 Rxe6 20. Re3 Rae8
21. f3 f5 22. d4 b4 23. d5 R6e7 24. Ne2 fxe4 25. fxe4 Rxe4 26. Rxe4 Rxe4 27.
Kf2 Re5 28. Ra5 Rxd5 29. Rxd5 Bxd5 30. Nf4 Be4 31. Nd3 a5 32. g3 Kf7 33. Ke3
Bxd3 34. Kxd3 c6 35. Kd4 Kf6 36. Ke3 h5 37. c3 bxc3 38. bxc3 Ke5 39. Kf3 c5 40.
g4 hxg4+ 41. Kxg4 c4 42. b4 axb4 43. cxb4 c3 44. b5 c2 45. b6 c1=Q 46. b7 Qb1
47. Kg5 Qxb7 48. Kg6 d5 49. h4 d4 50. h5 d3 51. h6 gxh6 52. Kxh6 Kf5 53. Kh5
Qh7# 0-1

[Event "NAYCC U14"]
[Site "Montreal CAN"]
[Date "2010.08.17"]
[Round "3"]
[White "Itkin, David"]
[Black "Knox, Christopher"]
[Result "1/2-1/2"]
[WhiteElo "2105"]
[BlackElo "2056"]
[PlyCount "71"]
[EventDate "2010.08.16"]
[EventType "swiss"]
[EventRounds "7"]
[EventCountry "CAN"]

1. e4 c5 2. Nc3 Nc6 3. Bb5 Nd4 4. Bc4 g6 5. Nf3 Bg7 6. Nxd4 cxd4 7. Qf3 e6 8.
Ne2 Ne7 9. d3 Nc6 10. Bb3 d6 11. O-O O-O 12. Ng3 Kh8 13. Qe2 f5 14. f4 d5 15.
exd5 exd5 16. Re1 Qd6 17. Bd2 Bd7 18. Qf3 Be6 19. Re2 b5 20. Rxe6 Qxe6 21. Bxd5
Qd6 22. Bxc6 Rac8 23. Bxb5 Rxc2 24. Bc1 Qb4 25. Qd1 Rxc1 26. Rxc1 Qxb5 27. b3
Re8 28. Qc2 Qd7 29. Qd2 Qe7 30. Kf2 Qh4 31. Kg1 Qe7 32. Qe2 Qd8 33. Qf3 Qa5 34.
Qc6 Rg8 35. Qc2 Re8 36. Nf1 1/2-1/2

[Event "NAYCC U14"]
[Site "Montreal CAN"]
[Date "2010.08.17"]
[Round "3"]
[White "Jafarov, Amin"]
[Black "Robichaud, Nicolas"]
[Result "1-0"]
[WhiteElo "875"]
[BlackElo "1047"]
[PlyCount "100"]
[EventDate "2010.08.16"]
[EventType "swiss"]
[EventRounds "7"]
[EventCountry "CAN"]

1. e4 c5 2. Nf3 e6 3. d4 cxd4 4. Nxd4 Nc6 5. Nxc6 bxc6 6. g3 Nf6 7. Nc3 Bb4 8.
Bg5 h6 9. Bxf6 Qxf6 10. Qd3 Qe5 11. Bg2 d5 12. O-O Rb8 13. Rfe1 d4 14. Rad1 O-O
15. Qxd4 Bxc3 16. bxc3 Qxd4 17. cxd4 Rb2 18. c4 Rxa2 19. d5 c5 20. d6 Rd8 21.
e5 Bd7 22. Ra1 Rc2 23. Rac1 Ra2 24. Ra1 Rc2 25. Rec1 Rxc1+ 26. Rxc1 a6 27. Ra1
Bc8 28. Bc6 f5 29. f4 g5 30. Rd1 Bd7 31. Bxd7 Rxd7 32. Ra1 Ra7 33. Rb1 Rf7 34.
Rb8+ Rf8 35. Rb7 Rf7 36. d7 Rf8 37. Rc7 Rd8 38. Rc8 Kf7 39. Rxd8 Ke7 40. Rc8
Kxd7 41. Rxc5 gxf4 42. gxf4 h5 43. Ra5 h4 44. Rxa6 h3 45. Kf2 Ke7 46. c5 Kd7
47. Kg3 Kc7 48. Kxh3 Kb7 49. Rxe6 Kc7 50. Rh6 Kd7 1-0

[Event "NAYCC U14"]
[Site "Montreal CAN"]
[Date "2010.08.17"]
[Round "3"]
[White "Jiang, Nathan"]
[Black "Posaratnanathan, Juliaan"]
[Result "0-1"]
[WhiteElo "1375"]
[BlackElo "1414"]
[PlyCount "36"]
[EventDate "2010.08.16"]
[EventType "swiss"]
[EventRounds "7"]
[EventCountry "CAN"]

1. e4 c5 2. Nf3 Nc6 3. d4 cxd4 4. Nxd4 Nf6 5. Nxc6 bxc6 6. e5 Qa5+ 7. Nc3 Qxe5+
8. Be3 Rb8 9. Qc1 Ng4 10. Be2 Nxe3 11. fxe3 g6 12. O-O Bh6 13. Rf3 d5 14. h3 d4
15. Nd1 dxe3 16. c3 Bf5 17. Nxe3 Be4 18. Rf2 Qc5 0-1

[Event "NAYCC U14"]
[Site "Montreal CAN"]
[Date "2010.08.17"]
[Round "3"]
[White "Kalra, Agastya"]
[Black "Qin, Zi Yi (Joey)"]
[Result "*"]
[WhiteElo "1776"]
[BlackElo "2329"]
[PlyCount "108"]
[EventDate "2010.08.16"]
[EventType "swiss"]
[EventRounds "7"]
[EventCountry "CAN"]

1. e4 c5 2. Nf3 d6 3. d4 cxd4 4. Nxd4 Nf6 5. Nc3 a6 6. a4 Nc6 7. Be2 e5 8. Nb3
Be7 9. Bg5 Be6 10. Bxf6 Bxf6 11. Nd5 O-O 12. O-O Bg5 13. a5 Kh8 14. Nb6 Rb8 15.
Nc4 Be7 16. Qd2 d5 17. exd5 Qxd5 18. Qxd5 Bxd5 19. Nb6 Be6 20. Rfd1 Rfd8 21.
Bc4 Bf5 22. c3 Kg8 23. Nd5 Bg5 24. Ne3 Bxe3 25. fxe3 Kf8 26. Nc5 Rxd1+ 27. Rxd1
Nxa5 28. Bd5 Rd8 29. e4 b6 30. Nd3 Be6 31. Nxe5 Bxd5 32. c4 f6 33. Nf3 Nxc4 34.
exd5 Nxb2 35. Rd4 b5 36. Nd2 Ke7 37. Nb3 Nc4 38. Nc5 Nd6 39. Nxa6 Rc8 40. Nb4
Rc4 41. Nc6+ Kd7 42. Rd3 Ne4 43. h3 Rc1+ 44. Kh2 Rh1+ 45. Kxh1 Nf2+ 46. Kh2
Nxd3 47. Nd4 b4 48. Kg3 Kd6 49. Kf3 Kxd5 50. Ke3 Nc5 51. Nf5 b3 52. Kd2 g6 53.
Ne3+ Kd4 54. Nd1 f5 *

[Event "NAYCC U14"]
[Site "Montreal CAN"]
[Date "2010.08.17"]
[Round "3"]
[White "Li, Brian"]
[Black "Lepine, Cedric"]
[Result "1-0"]
[WhiteElo "2072"]
[BlackElo "1663"]
[PlyCount "91"]
[EventDate "2010.08.16"]
[EventType "swiss"]
[EventRounds "7"]
[EventCountry "CAN"]

1. e4 Nf6 2. Nc3 e5 3. f4 d5 4. fxe5 Nxe4 5. d3 Nxc3 6. bxc3 Be7 7. Nf3 Bg4 8.
Be2 O-O 9. O-O f6 10. exf6 Bxf6 11. d4 Nd7 12. Rb1 Nb6 13. Ba3 Re8 14. Bd3 Qd7
15. Qd2 c6 16. Qf2 Nc4 17. Bxc4 dxc4 18. Rbe1 Rxe1 19. Rxe1 Bxf3 20. Qxf3 Re8
21. Re4 Rxe4 22. Qxe4 g6 23. Qe2 b5 24. g4 h6 25. Bc1 Kh7 26. Kg2 Bg7 27. h3
Qb7 28. Qe4 b4 29. cxb4 Qxb4 30. h4 Qd6 31. h5 Bxd4 32. hxg6+ Kg7 33. Bf4 Qd7
34. Qf5 Qd5+ 35. Kg3 Bf6 36. Bxh6+ Kxh6 37. Qxf6 Qd1 38. g7+ Kh7 39. g5 Qg1+
40. Kf4 Qf2+ 41. Ke5 Qe3+ 42. Kf5 Qf3+ 43. Ke6 Qd5+ 44. Ke7 Qc5+ 45. Ke8 Qe3+
46. Kf7 1-0

[Event "NAYCC U14"]
[Site "Montreal CAN"]
[Date "2010.08.17"]
[Round "3"]
[White "Manailoiu, Dragos"]
[Black "Morin-Pare, Victor"]
[Result "1/2-1/2"]
[WhiteElo "1309"]
[BlackElo "1058"]
[PlyCount "27"]
[EventDate "2010.08.16"]
[EventType "swiss"]
[EventRounds "7"]
[EventCountry "CAN"]

1. d4 Nf6 2. c4 g6 3. Nc3 Bg7 4. e4 d6 5. Nf3 Nbd7 6. Be3 O-O 7. Qd2 c5 8. d5
e6 9. Be2 Re8 10. O-O Ne5 11. Ne1 a6 12. a4 Qa5 13. Qc2 Qb4 14. Na2 1/2-1/2